[Event "31st Cappelle Open 2015"]
[Site "Cappelle la Grande FRA"]
[Date "2015.03.02"]
[Round "4.9"]
[White "Vazquez Igarza, Renier"]
[Black "Blomqvist, Erik"]
[Result "1-0"]
[WhiteTitle "GM"]
[BlackTitle "GM"]
[WhiteElo "2592"]
[BlackElo "2521"]
[WhiteFideId "3503054"]
[BlackFideId "1709437"]
[EventDate "2015.02.28"]

1. Nf3 d5 2. d4 Nf6 3. c4 c6 4. Nc3 dxc4 5. a4 Bf5 6. Ne5 Nbd7 7. Nxc4 Qc7 8.
Qd2 e6 9. Qf4 Qxf4 10. Bxf4 Nb6 11. Nd6+ Bxd6 12. Bxd6 Nbd5 13. f3 Ne3 14. Kf2
Nxf1 15. Rhxf1 Nd5 16. e4 Nxc3 17. bxc3 Bg6 18. a5 O-O-O 19. Bc5 Kb8 20. Ke3 f6
21. f4 h5 22. e5 Rd7 23. Rf2 Bf5 24. Bd6+ Kc8 25. c4 h4 26. Ra3 Rh5 27. Rb3 g5
28. c5 fxe5 29. fxe5 a6 30. d5 cxd5 31. c6 Rg7 32. Rfb2 Rhh7 33. Rb6 Bg6 34.
Rxa6 1-0

[Event "31st Cappelle Open 2015"]
[Site "Cappelle la Grande FRA"]
[Date "2015.03.02"]
[Round "4.10"]
[White "Gao, Rui"]
[Black "Sandipan, Chanda"]
[Result "1/2-1/2"]
[WhiteTitle "GM"]
[BlackTitle "GM"]
[WhiteElo "2533"]
[BlackElo "2574"]
[WhiteFideId "8602387"]
[BlackFideId "5004225"]
[EventDate "2015.02.28"]

1. e4 e5 2. Nf3 Nc6 3. Bb5 g6 4. O-O Bg7 5. c3 a6 6. Ba4 d6 7. d4 Bd7 8. Re1 Nf6
9. Nbd2 O-O 10. Bxc6 Bxc6 11. dxe5 dxe5 12. Nxe5 Bxe4 13. Nxe4 Qxd1 14. Nxf6+
Bxf6 15. Rxd1 Bxe5 16. Be3 Rad8 17. h3 f5 18. Bg5 Rxd1+ 19. Rxd1 Bd6 20. Re1 b5
21. Re6 f4 22. f3 Rf5 23. Bh4 Kf7 24. Re4 Rd5 25. Kf1 Rd1+ 26. Re1 Rxe1+ 27.
Kxe1 Ke6 28. Ke2 Kd5 29. Kd3 c5 30. b3 c4+ 31. bxc4+ bxc4+ 32. Kc2 Kc6 33. Bf6
Kb5 34. Bd4 a5 35. Bf6 a4 36. Kb2 Kc6 37. Bd8 Kd5 38. Ba5 a3+ 39. Kc2 Kc6 40.
Bd8 Bc7 41. Be7 Bd6 42. Bd8 Bc7 43. Be7 Bd6 1/2-1/2

[Event "31st Cappelle Open 2015"]
[Site "Cappelle la Grande FRA"]
[Date "2015.03.02"]
[Round "4.11"]
[White "Sumets, Andrey"]
[Black "Petkov, Vladimir"]
[Result "1/2-1/2"]
[WhiteTitle "GM"]
[BlackTitle "GM"]
[WhiteElo "2574"]
[BlackElo "2517"]
[WhiteFideId "14105500"]
[BlackFideId "2901188"]
[EventDate "2015.02.28"]

1. d4 Nf6 2. c4 e6 3. Nf3 Bb4+ 4. Nbd2 O-O 5. a3 Be7 6. e4 d6 7. Qc2 Nbd7 8. Be2
e5 9. O-O a5 10. b3 Re8 11. Bb2 Bf8 12. d5 c6 13. Rab1 Be7 14. Ne1 Nf8 15. Nd3
Ng6 16. b4 cxd5 17. cxd5 axb4 18. axb4 Bd7 19. Rfc1 Ng4 20. Nc4 Ba4 21. Qc3 Nf6
22. f3 Nh5 23. g3 Rc8 24. Qe1 Bg5 25. f4 Nhxf4 26. gxf4 Nxf4 27. Nxf4 Bxf4 28.
Rc3 b5 29. Ra1 Qg5+ 30. Kh1 bxc4 31. Rxa4 Bd2 32. Qg3 Qxg3 33. hxg3 Bxc3 34.
Bxc3 Ra8 35. Ra5 Rxa5 36. bxa5 Rb8 37. a6 Rb3 38. Bd2 Rb2 39. a7 Ra2 40. Be3 c3
41. Bd1 h5 42. Bb3 Ra3 43. Kg2 g5 44. Kf3 f6 45. Ke2 h4 46. gxh4 gxh4 47. Bc2
Ra2 48. Kf1 h3 49. Kg1 Kf8 50. Bb3 Ra3 51. Kh2 Ke7 52. Kxh3 Kd7 53. Kg4 Kc7 54.
Kf5 Kb7 55. Bc2 Ra2 56. Bd3 c2 57. Kxf6 Ra3 58. Bxc2 Rxe3 59. Ke6 Rc3 60. Bd1
Re3 61. Bc2 Rc3 62. Bd1 Re3 1/2-1/2

[Event "31st Cappelle Open 2015"]
[Site "Cappelle la Grande FRA"]
[Date "2015.03.02"]
[Round "4.12"]
[White "Wagner, Dennis"]
[Black "Bluebaum, Matthias"]
[Result "1/2-1/2"]
[WhiteTitle "IM"]
[BlackTitle "IM"]
[WhiteElo "2523"]
[BlackElo "2571"]
[WhiteFideId "24650684"]
[BlackFideId "24651516"]
[EventDate "2015.02.28"]

1. d4 d5 2. c4 c6 3. Nc3 Nf6 4. e3 e6 5. Nf3 Nbd7 6. Qc2 Bd6 7. b3 O-O 8. Be2
Qe7 9. O-O b6 10. Bb2 Bb7 11. Rad1 Rad8 12. Rfe1 Rfe8 13. e4 dxe4 14. Nxe4 Nxe4
15. Qxe4 Nf6 16. Qc2 Bb4 17. Rf1 Ba3 18. Ne5 Bxb2 19. Qxb2 c5 20. dxc5 Qxc5 21.
b4 Qc7 1/2-1/2

[Event "31st Cappelle Open 2015"]
[Site "Cappelle la Grande FRA"]
[Date "2015.03.03"]
[Round "5.1"]
[White "Onischuk, Vladimir"]
[Black "Kovalenko, Igor"]
[Result "1-0"]
[WhiteTitle "GM"]
[BlackTitle "GM"]
[WhiteElo "2629"]
[BlackElo "2656"]
[WhiteFideId "14114038"]
[BlackFideId "14117908"]
[EventDate "2015.02.28"]

1. e4 c6 2. d4 d5 3. e5 Bf5 4. h4 h6 5. g4 Be4 6. f3 Bh7 7. e6 c5 8. Bb5+ Nc6 9.
Ne2 fxe6 10. Bf4 Nf6 11. dxc5 Nd7 12. Nd4 Bg8 13. Nxc6 bxc6 14. Bxc6 Rc8 15.
Bxd7+ Qxd7 16. Qd4 Bh7 17. Be5 Rg8 18. Nc3 g5 19. O-O-O gxh4 20. Rxh4 a5 21. a3
Qa7 22. Na4 Qa6 23. Re1 Qb5 24. b3 Rc6 25. Kb2 Rg5 26. Rh5 Rxe5 27. Qxe5 Kf7 28.
Qe2 Bg7+ 29. Ka2 Qb8 30. f4 Be4 31. g5 hxg5 32. Rxg5 Qh8 33. Rh5 Qf8 34. Rg1 Bf6
35. Rh3 e5 36. c4 Qc8 37. Qh5+ Ke6 38. cxd5+ Bxd5 39. f5+ Kd7 40. Rd3 Rd6 41.
Rxd5 1-0

[Event "31st Cappelle Open 2015"]
[Site "Cappelle la Grande FRA"]
[Date "2015.03.03"]
[Round "5.2"]
[White "Vazquez Igarza, Renier"]
[Black "L'Ami, Erwin"]
[Result "1-0"]
[WhiteTitle "GM"]
[BlackTitle "GM"]
[WhiteElo "2592"]
[BlackElo "2606"]
[WhiteFideId "3503054"]
[BlackFideId "1007998"]
[EventDate "2015.02.28"]

1. Nf3 Nf6 2. c4 e6 3. d4 b6 4. g3 Bb7 5. Bg2 Be7 6. O-O O-O 7. Re1 a5 8. Bg5 d6
9. Bxf6 Bxf6 10. Nc3 g6 11. Qc2 Bg7 12. Rad1 Nd7 13. e4 Qe7 14. Qd2 Rfd8 15. Qf4
Nf8 16. h4 h6 17. e5 Bxf3 18. exd6 cxd6 19. Qxf3 Rac8 20. b3 Qc7 21. Nb5 Qd7 22.
a4 h5 23. Qe3 Rb8 24. Bh3 Qe7 25. d5 e5 26. Nd4 f5 27. Nc6 Qc7 28. Rb1 Re8 29.
b4 axb4 30. Rxb4 Kh7 31. a5 Nd7 32. Nxb8 bxa5 33. Na6 Qc8 34. Rb6 Nxb6 35. Qxb6
Qxc4 36. Qc6 Rc8 37. Qxd6 e4 38. Bf1 Qd4 39. Be2 Rc2 40. Kf1 a4 41. Nc7 e3 42.
Ne6 Qa7 43. Bxh5 Rxf2+ 44. Kg1 Bf6 45. Nf8+ Kg7 46. Nd7 1-0

[Event "31st Cappelle Open 2015"]
[Site "Cappelle la Grande FRA"]
[Date "2015.03.03"]
[Round "5.3"]
[White "Bachmann, Axel"]
[Black "Dragun, Kamil"]
[Result "1/2-1/2"]
[WhiteTitle "GM"]
[BlackTitle "GM"]
[WhiteElo "2601"]
[BlackElo "2558"]
[WhiteFideId "3700488"]
[BlackFideId "1134167"]
[EventDate "2015.02.28"]

1. Nf3 Nf6 2. c4 e6 3. d4 b6 4. g3 Bb4+ 5. Bd2 Bxd2+ 6. Qxd2 Ba6 7. b3 c6 8. Bg2
d5 9. O-O Nbd7 10. Rc1 O-O 11. a4 c5 12. cxd5 Nxd5 13. Nc3 Nxc3 14. Rxc3 Rc8 15.
Rac1 Nf6 16. R3c2 cxd4 17. Rxc8 Bxc8 18. Qxd4 Bb7 19. Qxd8 Rxd8 20. Ne5 Ne4 21.
Nd3 a5 22. Rc7 Bd5 23. Ne5 f5 24. Bxe4 Bxe4 25. Nd7 Bd5 26. Nxb6 Bxb3 27. f4 Rd4
28. Ra7 Rb4 29. Ra6 Kf7 30. Kf2 h6 31. Ra7+ Kg8 32. Nd7 Rxa4 33. Ra8+ Kf7 34.
Ra7 Ra3 35. Nc5+ Kf6 36. Nd7+ Kf7 1/2-1/2

[Event "31st Cappelle Open 2015"]
[Site "Cappelle la Grande FRA"]
[Date "2015.03.03"]
[Round "5.4"]
[White "Landa, Konstantin"]
[Black "Grover, Sahaj"]
[Result "1-0"]
[WhiteTitle "GM"]
[BlackTitle "GM"]
[WhiteElo "2650"]
[BlackElo "2519"]
[WhiteFideId "4101685"]
[BlackFideId "5021103"]
[EventDate "2015.02.28"]

1. d4 Nf6 2. Nf3 e6 3. c4 d5 4. Nc3 c5 5. cxd5 cxd4 6. Qxd4 exd5 7. e4 Nc6 8.
Bb5 dxe4 9. Qxd8+ Kxd8 10. Ng5 Be6 11. O-O Bb4 12. Ncxe4 Nxe4 13. Nxe4 Ke7 14.
Be3 Rhd8 15. Ba4 Kf8 16. a3 Be7 17. Nc5 Bc8 18. Rfd1 Rxd1+ 19. Rxd1 Ne5 20. Bd4
Nc6 21. Bxc6 bxc6 22. f3 Bxc5 23. Bxc5+ Ke8 24. Rc1 Bd7 25. b4 Kd8 26. Rd1 Kc8
27. Rd4 a5 28. Rh4 axb4 29. Bxb4 Bf5 30. Rh5 Bg6 31. Re5 Kb7 32. h4 Kb6 33. Bc5+
Ka6 34. Kf2 Bc2 35. Bd4 g6 36. Rc5 Ba4 37. h5 Rd8 38. Ke3 Rd5 39. h6 Rh5 40.
Rxh5 gxh5 41. Kf4 Kb5 42. Kg5 Kc4 43. Bb6 Kd5 44. Kf6 Bc2 45. Kxf7 h4 46. Kg7
Ke6 47. Bf2 h3 48. gxh3 Bd1 49. f4 Bb3 50. Bd4 Bc2 51. Bc5 Bb3 52. Be3 Bc2 53.
Bd4 Ke7 54. Be3 Ke6 55. Kf8 Ba4 56. Bd4 Bb5 57. Kg7 Bd3 58. a4 Bc2 59. a5 Bd3
60. Bc5 1-0

[Event "31st Cappelle Open 2015"]
[Site "Cappelle la Grande FRA"]
[Date "2015.03.03"]
[Round "5.6"]
[White "Gharamian, Tigran"]
[Black "Szabo, Gergely-Andras-Gyula"]
[Result "1/2-1/2"]
[WhiteTitle "GM"]
[BlackTitle "GM"]
[WhiteElo "2651"]
[BlackElo "2543"]
[WhiteFideId "13301527"]
[BlackFideId "1205064"]
[EventDate "2015.02.28"]

1. e4 e6 2. d4 d5 3. Nc3 Bb4 4. e5 c5 5. a3 Bxc3+ 6. bxc3 Ne7 7. Qg4 Qc7 8. Bd3
c4 9. Be2 Nf5 10. Bd1 Nc6 11. Ne2 h5 12. Qh3 Bd7 13. Ng3 O-O-O 14. Nxf5 exf5 15.
Qg3 h4 16. Qf3 Qa5 17. O-O Rde8 18. a4 f6 19. Rb1 Nd8 20. exf6 1/2-1/2

[Event "31st Cappelle Open 2015"]
[Site "Cappelle la Grande FRA"]
[Date "2015.03.03"]
[Round "5.7"]
[White "Vovk, Andrey"]
[Black "Gao, Rui"]
[Result "1-0"]
[WhiteTitle "GM"]
[BlackTitle "GM"]
[WhiteElo "2642"]
[BlackElo "2533"]
[WhiteFideId "14114470"]
[BlackFideId "8602387"]
[EventDate "2015.02.28"]

1. e4 c5 2. Nf3 d6 3. d4 cxd4 4. Nxd4 Nf6 5. Nc3 a6 6. Be3 e5 7. Nb3 Be6 8. Qd2
Be7 9. f3 O-O 10. O-O-O a5 11. a4 Nc6 12. g4 Nb4 13. g5 Ne8 14. f4 f5 15. Rg1
fxe4 16. fxe5 Qc8 17. g6 dxe5 18. gxh7+ Kh8 19. Kb1 Nf6 20. Qg2 Rf7 21. Bg5 e3
22. Bxf6 Bxf6 23. Bd3 Rd7 24. Be4 Rxd1+ 25. Rxd1 Qc7 26. Qe2 Bg5 27. Qh5 Bf4 28.
Qh4 Rf8 29. Nxa5 e2 30. Nxe2 Ba2+ 31. Ka1 Qxa5 32. Qe7 Ra8 33. Nxf4 exf4 34. Rd7
Bf7 35. b3 Rc8 36. Kb1 Nxc2 37. Bxc2 f3 38. Qxf7 Qe1+ 39. Rd1 f2 40. Qf3 Rd8 41.
Kb2 Rc8 42. Qf5 Re8 43. h4 b5 44. Qxb5 Rf8 45. Qf1 Re8 46. Rxe1 1-0

[Event "31st Cappelle Open 2015"]
[Site "Cappelle la Grande FRA"]
[Date "2015.03.03"]
[Round "5.8"]
[White "Wagner, Dennis"]
[Black "Iturrizaga Bonelli, Eduardo"]
[Result "1/2-1/2"]
[WhiteTitle "IM"]
[BlackTitle "GM"]
[WhiteElo "2523"]
[BlackElo "2640"]
[WhiteFideId "24650684"]
[BlackFideId "3901211"]
[EventDate "2015.02.28"]

1. d4 Nf6 2. c4 b6 3. Nc3 Bb7 4. Qc2 e6 5. e4 Bb4 6. Bd3 Bxc3+ 7. bxc3 d6 8. Ne2
Nc6 9. O-O e5 10. f4 Nd7 11. fxe5 dxe5 12. Ba3 Ne7 13. c5 O-O 14. Qb3 Rb8 15.
cxb6 axb6 16. Ng3 c5 17. Bc4 Qe8 18. Bb5 exd4 19. cxd4 Bc6 20. Be2 cxd4 21. Qb4
Nc5 22. Qxd4 Ng6 23. Bb2 Ne6 24. Qc3 Bb5 25. Bxb5 Qxb5 1/2-1/2

[Event "31st Cappelle Open 2015"]
[Site "Cappelle la Grande FRA"]
[Date "2015.03.03"]
[Round "5.9"]
[White "Gupta, Abhijeet"]
[Black "Tazbir, Marcin"]
[Result "1-0"]
[WhiteTitle "GM"]
[BlackTitle "GM"]
[WhiteElo "2621"]
[BlackElo "2518"]
[WhiteFideId "5010608"]
[BlackFideId "1122452"]
[EventDate "2015.02.28"]

1. d4 Nf6 2. c4 g6 3. Nc3 Bg7 4. e4 d6 5. Nf3 O-O 6. h3 e5 7. d5 Nbd7 8. Bg5 h6
9. Be3 a5 10. g4 Nc5 11. Nd2 c6 12. Be2 Rb8 13. a3 Nfd7 14. h4 Qc7 15. Qc2 Re8
16. h5 g5 17. b4 Na6 18. Rb1 Bf8 19. O-O axb4 20. axb4 c5 21. Na2 Ra8 22. f3 Be7
23. Rb2 Bd8 24. Rfb1 Qb8 25. b5 Nc7 26. b6 Na6 27. Qc1 Nf6 28. Nf1 Kh7 29. Bd2
Bd7 30. Ne3 Ng8 31. Qd1 Ne7 32. Bd3 Qc8 33. Bc2 Rf8 34. Kf2 Be8 35. Ke2 Bd7 36.
Ra1 Nb8 37. Nc3 Rxa1 38. Qxa1 Na6 39. Ba4 Nb4 40. Bxd7 Qxd7 41. Qa4 Qxa4 42.
Nxa4 Na6 43. Ba5 Nc8 44. Nc3 Be7 45. Nf5 Rd8 46. Nb5 Bf6 47. Kd3 Rd7 48. Kc3 Bg7
49. Kb3 Bf6 50. Ka4 Bd8 51. Na7 Ne7 52. Nxe7 Rxe7 53. Kb5 Re8 54. Ra2 Nb8 55.
Bc3 Nd7 56. Nc8 Be7 57. Nxe7 Rxe7 58. Ra7 Nb8 59. Bxe5 dxe5 60. Kxc5 Kg7 61. Kb5 1-0

[Event "31st Cappelle Open 2015"]
[Site "Cappelle la Grande FRA"]
[Date "2015.03.03"]
[Round "5.10"]
[White "Libiszewski, Fabien"]
[Black "Vidit, Santosh Gujrathi"]
[Result "1/2-1/2"]
[WhiteTitle "GM"]
[BlackTitle "GM"]
[WhiteElo "2518"]
[BlackElo "2617"]
[WhiteFideId "616834"]
[BlackFideId "5029465"]
[EventDate "2015.02.28"]

1. Nf3 Nf6 2. c4 e6 3. g3 d5 4. Bg2 Be7 5. O-O O-O 6. b3 b6 7. Bb2 Bb7 8. e3
Nbd7 9. Nc3 Nc5 10. d4 Nce4 11. Rc1 dxc4 12. bxc4 c5 13. Ne2 Rc8 14. Ne5 Qc7 15.
Nf4 Rfd8 16. Qe2 Bd6 17. Rfd1 h6 18. h4 Qe7 19. Bh3 Rc7 20. Nxf7 Kxf7 21. Bxe6+
Qxe6 22. Nxe6 Kxe6 23. dxc5 Rxc5 24. Ba3 Rf5 25. Bxd6 Rxf2 26. Qe1 Rxd6 27.
Rxd6+ Kxd6 28. Qb4+ Ke6 29. c5 Rf3 30. c6 Rxg3+ 31. Kh1 Rh3+ 32. Kg2 Rg3+ 33.
Kh1 Bc8 34. Qf8 Rh3+ 35. Kg2 Rg3+ 36. Kh1 Rh3+ 37. Kg2 Rg3+ 1/2-1/2

[Event "31st Cappelle Open 2015"]
[Site "Cappelle la Grande FRA"]
[Date "2015.03.03"]
[Round "5.11"]
[White "Fier, Alexandr"]
[Black "Kveinys, Aloyzas"]
[Result "1-0"]
[WhiteTitle "GM"]
[BlackTitle "GM"]
[WhiteElo "2612"]
[BlackElo "2507"]
[WhiteFideId "2107139"]
[BlackFideId "12800040"]
[EventDate "2015.02.28"]

1. d4 Nf6 2. c4 e6 3. Nc3 Bb4 4. e3 O-O 5. Ne2 d5 6. a3 Bd6 7. Ng3 c5 8. dxc5
Bxc5 9. b4 Be7 10. cxd5 exd5 11. Bd3 Nc6 12. Nce2 a5 13. b5 Ne5 14. Bb2 Nc4 15.
Bc3 Be6 16. O-O Re8 17. Nf4 Rc8 18. Bd4 g6 19. Ra2 Bc5 20. Qa1 Bxd4 21. Qxd4 Qe7
22. a4 Rc5 23. Re2 Rec8 24. Rfe1 Nd6 25. f3 Bd7 26. h3 h5 27. e4 dxe4 28. Nxe4
Ndxe4 29. Bxe4 Rc4 30. Nxg6 Qc5 31. Qxc5 R8xc5 32. Ne7+ Kf8 33. Bxb7 Rxa4 34.
Bc6 Be6 35. Ng6+ Kg7 36. Ne5 Nd5 37. b6 Rb4 38. b7 Rc3 39. Re4 Rcb3 40. Rxb4
Rxb4 41. Nd7 Bxd7 42. Bxd5 1-0

[Event "31st Cappelle Open 2015"]
[Site "Cappelle la Grande FRA"]
[Date "2015.03.03"]
[Round "5.12"]
[White "Petkov, Vladimir"]
[Black "Mareco, Sandro"]
[Result "1/2-1/2"]
[WhiteTitle "GM"]
[BlackTitle "GM"]
[WhiteElo "2517"]
[BlackElo "2598"]
[WhiteFideId "2901188"]
[BlackFideId "112275"]
[EventDate "2015.02.28"]

1. d4 Nf6 2. c4 e6 3. Nc3 Bb4 4. Nf3 b6 5. Qb3 c5 6. Bg5 Bb7 7. e3 O-O 8. Be2
Nc6 9. dxc5 bxc5 10. O-O Bxc3 11. bxc3 Na5 12. Qd1 Qc7 13. Bf4 Qc6 14. Rb1 Ne4
15. Bd3 d6 16. Qc2 f5 17. Bxe4 Qxe4 18. Qa4 e5 19. Qxa5 exf4 20. Qc7 Rf7 21.
Qxf7+ Kxf7 22. Ng5+ Ke7 23. Nxe4 Bxe4 24. Rb2 fxe3 25. fxe3 Ke6 26. Rd1 Rc8 27.
Rb5 g5 28. Rd2 h5 29. Ra5 Rc7 30. Ra6 Rd7 31. Kf2 h4 32. Rb2 Bd3 33. Ra4 g4 34.
Rb8 Be4 35. Re8+ Kf7 36. Rh8 Kg7 37. Rb8 Kf6 38. Rf8+ Kg7 39. Rb8 Kf6 40. Ra6
Ke5 41. Re8+ Kf6 42. Rh8 Kg5 43. Ra3 d5 44. Rg8+ Kh5 45. Ra8 dxc4 46. R3xa7 Rd2+
47. Ke1 Rxg2 48. Rh8+ Kg5 49. Rg8+ Kf6 50. Ra6+ Kf7 51. Rc8 Rb2 52. Ra7+ 1/2-1/2

[Event "31st Cappelle Open 2015"]
[Site "Cappelle la Grande FRA"]
[Date "2015.03.04"]
[Round "6.2"]
[White "Kovalenko, Igor"]
[Black "Vazquez Igarza, Renier"]
[Result "1-0"]
[WhiteTitle "GM"]
[BlackTitle "GM"]
[WhiteElo "2656"]
[BlackElo "2592"]
[WhiteFideId "14117908"]
[BlackFideId "3503054"]
[EventDate "2015.02.28"]

1. d4 Nf6 2. Nf3 e6 3. e3 d5 4. Bd3 c5 5. O-O Nc6 6. b3 Bd6 7. Bb2 O-O 8. Nbd2
Qe7 9. Ne5 cxd4 10. exd4 Ba3 11. Qc1 Bxb2 12. Qxb2 Bd7 13. a3 Qd6 14. Rfe1 Ne7
15. Re3 a6 16. Rae1 Bb5 17. c4 dxc4 18. bxc4 Bc6 19. Rg3 Ng6 20. c5 Qc7 21. Bxg6
hxg6 22. Ndc4 Rad8 23. Nd6 Bd5 24. Rh3 Rxd6 25. cxd6 Qxd6 26. Rc1 Nd7 27. Rc8
Nxe5 28. dxe5 Qe7 29. Rxf8+ Qxf8 30. Qd4 Qc8 31. Rc3 Qd8 32. h4 Kh7 33. Kh2 Kg8
34. Rh3 Qe7 35. Qf4 a5 36. Rc3 Bc6 37. Qg4 Qd8 38. Rg3 Qd2 39. f3 Qe3 40. Qg5
Qxa3 41. Qd8+ Kh7 42. Qc7 Kg8 43. Rg4 Qe3 44. Qxa5 Bd5 45. Qd8+ Kh7 46. Qg5 Qxg5
47. hxg5 Kg8 48. Kg3 Kf8 49. Kf2 Ke7 50. Rh4 b5 51. Ke3 Kd7 52. Kd4 b4 53. Rh7
Kc6 54. Rxg7 Kb5 55. Rxf7 Ka4 56. Rf8 1-0

[Event "31st Cappelle Open 2015"]
[Site "Cappelle la Grande FRA"]
[Date "2015.03.04"]
[Round "6.3"]
[White "Kotronias, Vasilios"]
[Black "Landa, Konstantin"]
[Result "1-0"]
[WhiteTitle "GM"]
[BlackTitle "GM"]
[WhiteElo "2565"]
[BlackElo "2650"]
[WhiteFideId "5900212"]
[BlackFideId "4101685"]
[EventDate "2015.02.28"]

1. e4 e6 2. d4 d5 3. Nd2 c5 4. Ngf3 cxd4 5. exd5 Qxd5 6. Bc4 Qd7 7. O-O Nc6 8.
Nb3 Nf6 9. Qe2 a6 10. Bf4 Bd6 11. Bg3 O-O 12. Rad1 b5 13. Bd3 Bb7 14. c3 Bxg3
15. fxg3 Qd5 16. cxd4 Nb4 17. Bb1 Qh5 18. Qd2 a5 19. Ne5 Ng4 20. Nxg4 Qxg4 21.
Nc5 Bc6 22. Rf4 Qg5 23. Nxe6 1-0

[Event "31st Cappelle Open 2015"]
[Site "Cappelle la Grande FRA"]
[Date "2015.03.04"]
[Round "6.4"]
[White "Dragun, Kamil"]
[Black "Vovk, Andrey"]
[Result "1/2-1/2"]
[WhiteTitle "GM"]
[BlackTitle "GM"]
[WhiteElo "2558"]
[BlackElo "2642"]
[WhiteFideId "1134167"]
[BlackFideId "14114470"]
[EventDate "2015.02.28"]

1. d4 Nf6 2. c4 g6 3. Nc3 Bg7 4. e4 d6 5. f3 O-O 6. Be3 Nbd7 7. Qd2 c6 8. Nge2
a6 9. c5 b5 10. cxd6 exd6 11. Nf4 Bb7 12. Be2 Re8 13. O-O Qe7 14. Rfe1 Nb6 15.
a3 Nbd5 16. Bf2 Nxf4 17. Qxf4 c5 18. Rad1 Rad8 19. Bf1 Nh5 20. Qd2 cxd4 21. Bxd4
Be5 22. g3 Ng7 23. Bf2 Qf6 24. Bg2 Rc8 25. f4 Bxc3 26. bxc3 Qxc3 27. Qxd6 Rc6
28. Qd3 Rc4 29. Qd7 Rc7 30. Qd6 Rc6 31. Qd4 Qa5 32. f5 Qxa3 33. Qd7 Re7 34. Qd8+
Re8 35. Qd7 Re7 36. Qd8+ Re8 37. Qd7 1/2-1/2

[Event "31st Cappelle Open 2015"]
[Site "Cappelle la Grande FRA"]
[Date "2015.03.04"]
[Round "6.5"]
[White "Perez Ponsa, Federico"]
[Black "Gupta, Abhijeet"]
[Result "1/2-1/2"]
[WhiteTitle "GM"]
[BlackTitle "GM"]
[WhiteElo "2558"]
[BlackElo "2621"]
[WhiteFideId "117927"]
[BlackFideId "5010608"]
[EventDate "2015.02.28"]

1. e4 c5 2. Nf3 d6 3. d4 cxd4 4. Nxd4 Nf6 5. Nc3 Nc6 6. Bg5 e6 7. Qd2 a6 8.
O-O-O Bd7 9. f4 b5 10. Bxf6 gxf6 11. Kb1 Qb6 12. Nxc6 Bxc6 13. f5 b4 14. Ne2 e5
15. Ng3 h5 16. h4 a5 17. Bc4 Qc5 18. Qe2 Ke7 19. b3 a4 20. Rd3 Rg8 21. Qxh5 Rg7
22. Rhd1 axb3 23. cxb3 Qf2 24. R1d2 Qg1+ 25. Kb2 Qa7 26. Kb1 Qg1+ 27. Kb2 Qa7
28. a4 bxa3+ 29. Ka2 Rd8 30. Qd1 Rg8 31. Rc2 Qb6 32. Rdc3 Rxg3 33. Rxg3 Bxe4 34.
Bd3 Bd5 35. Bc4 Be4 36. Rgc3 Bxf5 37. Bd5 Bxc2 38. Qxc2 Qd4 39. Rc7+ Rd7 40.
Rxd7+ Kxd7 41. Qc6+ Kd8 42. Qa8+ Kc7 43. Qb7+ Kd8 44. Kxa3 Qa1+ 45. Kb4 Qd4+ 46.
Kb5 Qc5+ 47. Ka4 Qc7 48. Qa8+ Qc8 49. Qxc8+ Kxc8 50. g4 Kc7 51. Kb5 Bh6 52. Ka6
Bd2 53. h5 f5 54. gxf5 Kd7 55. Kb5 Ke7 56. Kc6 Kf6 57. Be4 Kg5 58. Kxd6 Kxh5 59.
Ke7 Kg5 60. Kxf7 Kf4 61. Bc2 e4 62. Ke6 Bb4 63. f6 e3 64. Bd3 Kg5 65. f7 Kh6 66.
Kf6 Ba3 67. Bc4 Bb4 68. Kf5 Kg7 69. Ke4 e2 70. Bxe2 1/2-1/2

[Event "31st Cappelle Open 2015"]
[Site "Cappelle la Grande FRA"]
[Date "2015.03.04"]
[Round "6.6"]
[White "Mekhitarian, Krikor Sevag"]
[Black "Fier, Alexandr"]
[Result "1-0"]
[WhiteTitle "GM"]
[BlackTitle "GM"]
[WhiteElo "2556"]
[BlackElo "2612"]
[WhiteFideId "2107660"]
[BlackFideId "2107139"]
[EventDate "2015.02.28"]

1. d4 g6 2. c4 Bg7 3. Nf3 d6 4. g3 Nf6 5. Bg2 O-O 6. O-O Nc6 7. Nc3 Rb8 8. b3 a6
9. Nd5 Nh5 10. Bb2 e6 11. Nc3 b5 12. Rb1 Ne7 13. e4 b4 14. Na4 Nf6 15. e5 Nd7
16. Re1 Bb7 17. Rc1 d5 18. cxd5 Bxd5 19. Nd2 Bxg2 20. Kxg2 Nb6 21. Nc5 a5 22.
Nde4 Ra8 23. a4 Qd5 24. Qf3 Nf5 25. Rcd1 Rad8 26. Kg1 Kh8 27. g4 Ne7 28. Rd3 Nd7
29. Qf4 Nxc5 30. Nxc5 Nc6 31. Red1 f6 32. Qf3 Nxe5 33. Qxd5 Rxd5 34. dxe5 Rxc5
35. exf6 Bh6 36. h4 Bf4 37. g5 Bd6 38. Rxd6 cxd6 39. Rxd6 h6 40. f4 Rd5 41. Rxd5
exd5 42. f5 Rd8 43. f7+ Kh7 44. h5 d4 45. Bxd4 hxg5 46. fxg6+ Kh6 47. g7 1-0

[Event "31st Cappelle Open 2015"]
[Site "Cappelle la Grande FRA"]
[Date "2015.03.04"]
[Round "6.8"]
[White "Kovchan, Alexander"]
[Black "Arun Prasad, S."]
[Result "1/2-1/2"]
[WhiteTitle "GM"]
[BlackTitle "GM"]
[WhiteElo "2576"]
[BlackElo "2502"]
[WhiteFideId "14103052"]
[BlackFideId "5011167"]
[EventDate "2015.02.28"]

1. e4 e6 2. d4 d5 3. Nc3 Nf6 4. Bg5 Bb4 5. e5 h6 6. Bh4 g5 7. Bg3 Ne4 8. Ne2 c5
9. a3 Bxc3+ 10. Nxc3 Nxc3 11. bxc3 Qa5 12. Qd2 Nc6 13. dxc5 Qxc5 14. h4 Rg8 15.
hxg5 hxg5 16. c4 dxc4 17. Rd1 Qxa3 18. Bxc4 Qb4 19. Qxb4 Nxb4 20. Bb5+ Ke7 21.
f4 a6 22. Be2 Bd7 23. fxg5 Nxc2+ 24. Kf2 Bc6 25. Bh4 Ke8 26. Bh5 Nb4 27. Rd6 Bd5
28. Rf1 Nd3+ 29. Kg1 Nxe5 30. Rxd5 exd5 31. Re1 Kf8 32. Rxe5 Rh8 33. g4 Kg8 34.
Re7 Rh7 35. Rxb7 a5 36. Bf2 a4 37. Bd4 a3 38. Rb1 a2 39. Ra1 Ra4 40. Bf6 Rg7 41.
Kf2 Ra3 42. Ke2 d4 43. Kd2 d3 44. Bb2 Ra8 45. Bxg7 Kxg7 46. Kxd3 Ra5 47. Kc3
Rxg5 48. Rxa2 f5 49. Ra4 Kf6 50. Kd3 fxg4 51. Bxg4 Re5 52. Bf3 Kf5 53. Kd4 Re8
54. Ra1 Kf4 55. Bd5 Re2 56. Rf1+ Kg3 57. Be4 Rf2 58. Rg1+ Kf4 59. Bd3 Rf3 60.
Rg7 Rf2 61. Re7 Rf3 62. Be2 Rf2 63. Re8 Kg5 64. Ke3 Rf6 65. Bd3 Rd6 66. Rf8 Re6+
67. Be4 Re5 68. Rg8+ Kf6 69. Kf4 Re6 70. Bd5 Re1 71. Ra8 Rf1+ 72. Bf3 Re1 73.
Ra5 Re6 74. Bd5 Rb6 75. Rc5 Rd6 76. Be4 Re6 77. Bd5 Rb6 78. Bc4 Rd6 79. Rf5+ Ke7
80. Ke5 Rd7 81. Be6 Rc7 82. Bd5 Rd7 83. Rh5 Rc7 84. Rh6 Rd7 85. Bc6 Rc7 86. Re6+
Kf8 87. Rg6 Ke7 88. Rh6 Kd8 89. Kd6 Rd7+ 90. Kc5 Rg7 91. Re6 Re7 92. Rd6+ Kc7
93. Rh6 Rg7 94. Bd5 Kd8 95. Kd6 Rd7+ 96. Ke5 Re7+ 97. Be6 Kc7 98. Rh1 Rg7 99.
Rc1+ Kb6 100. Kd6 Rg5 101. Rc8 1/2-1/2